Statistics for You Belong With Me (TV) - Taylor Swift (All Lyrics)

Click here to take the quiz!

General Stats

  • This quiz has been taken 51 times
  • The average score is 365 of 399

Answer Stats

Lyrics% Correct
girl
100%
girlfriend,
100%
I
100%
me?
100%
me
100%
me,
100%
on
100%
she
100%
She
100%
she's
100%
She's
100%
the
100%
up
100%
with
100%
you?
100%
You
100%
you
100%
your
100%
You're
100%
you're
100%
a
98%
be
98%
belong
98%
do
98%
I'm
98%
in
98%
it
98%
like
98%
phone
98%
so
98%
that?
98%
that
98%
That
98%
upset
98%
wear
98%
about
95%
And
95%
and
95%
bleachers
95%
Can't
95%
can't
95%
captain
95%
cheer
95%
find
95%
goin'
95%
it's
95%
my
95%
of
95%
said
95%
see?
95%
see
95%
short
95%
skirts,
95%
something
95%
to
95%
wears
95%
when
95%
all
93%
All
93%
Been
93%
been
93%
'bout
93%
by
93%
day
93%
has
93%
here
93%
humor
93%
listening
93%
night
93%
room,
93%
time,
93%
time
93%
T-shirts
93%
Tuesday
93%
wake
93%
who
93%
whole
93%
why
93%
along,
90%
doesn't
90%
for
90%
get
90%
heels,
90%
high
90%
kind
90%
know,
90%
know
90%
lookin'
90%
music
90%
one
90%
she'll
90%
typical
90%
what
90%
'Cause
88%
never
88%
off
88%
out
88%
understands
88%
could
85%
Dreaming
85%
sneakers
85%
story
85%
Think
85%
think
85%
this
85%
doin'
83%
is
83%
jeans
83%
light
83%
smile
83%
thinking
83%
worn
83%
easy?"
80%
how
80%
myself
80%
town
80%
better
78%
got
78%
If
78%
laugh
78%
park
78%
than
78%
bench,
76%
brought
76%
down
76%
Have
76%
isn't
76%
while
76%
you've
76%
baby?
73%
cry
73%
haven't
73%
middle
73%
not
73%
Oh,
73%
say
73%
seen
73%
since
73%
at
71%
fine,
71%
help
71%
Hey,
71%
"Hey,
71%
Standin'
71%
tell
71%
where
71%
dreams
68%
house
68%
streets
68%
back
66%
door
66%
makes
66%
ought
66%
songs
66%
waitin'
66%
Driving
63%
ever
63%
favorite
63%
just
63%
belong,
61%
remember
61%
thought,
61%
maybe
59%
Laughin'
56%
Walking
56%
(Ah)
41%

Score Distribution

Percentile by Number Answered

Percent of People with Each Score

Your Score History

You have not taken this quiz